Egy érdemes régi magyarhoni pedagogo-teologus.
Elmentve itt :
| Szerző: | |
|---|---|
| Adatforrás: | Philobibl |
| Forrásdokumentuma: | Theológiai Szaklap 1917. évf., 36-56.p. p. |
| Dokumentumtípus: | Cikk |
| Nyelv: | magyar |
| LEADER | 00313nab a2200097 c 4500 | ||
|---|---|---|---|
| 001 | bibDOK00024292 | ||
| 005 | 20200924121840.6 | ||
| 008 | 060518s1917 hu hun | ||
| 100 | 1 | |a Szelényi Ödön | |
| 245 | 1 | 4 | |a Egy érdemes régi magyarhoni pedagogo-teologus. |c Szelényi Ödön |
| 773 | 0 | |t Theológiai Szaklap |g 1917. évf., 36-56.p. p. | |